Imperatori e papi ai tempi della signoria dei franchi in Italia / (Record no. 158563)
[ view plain ]
| 000 -LEADER | |
|---|---|
| campo de control de longitud fija | 00701nam a22001935i 4500 |
| 001 - NÚMERO DE CONTROL | |
| campo de control | 158563 |
| 003 - IDENTIFICADOR DE NÚMERO DE CONTROL | |
| campo de control | ES-MaACL |
| 005 - FECHA Y HORA DE LA ÚLTIMA TRANSACCIÓN | |
| campo de control | 20250831023900.0 |
| 008 - DATOS DE LONGITUD FIJA--INFORMACIÓN GENERAL | |
| campo de control de longitud fija | 040902s1876 it |||| | ita d |
| 040 ## - FUENTE DE CATALOGACIÓN | |
| Centro catalogador/agencia de origen | CAM |
| Lengua de catalogación | spa |
| Centro/agencia transcriptor | CAM |
| 100 1# - ENTRADA PRINCIPAL--NOMBRE DE PERSONA | |
| Nombre de persona | Malfatti, Bartolomeo. |
| 9 (RLIN) | 129379 |
| 245 10 - MENCIÓN DEL TÍTULO | |
| Título | Imperatori e papi ai tempi della signoria dei franchi in Italia / |
| Mención de responsabilidad, etc. | di Bartolomeo Malfatti. |
| 260 ## - PUBLICACIÓN, DISTRIBUCIÓN, ETC. | |
| Lugar de publicación, distribución, etc. | Milano [etc.] : |
| Nombre del editor, distribuidor, etc. | Ulrico-Hoepli, librajo-editore, |
| Fecha de publicación, distribución, etc. | 1876 ( |
| Fabricante | tipi di G. Bernardino di Gio) |
| 300 ## - DESCRIPCIÓN FÍSICA | |
| Extensión | 2 v. (VIII, 410 ; 567 p.) ; |
| Dimensiones | 23 cm. |
| 650 07 - PUNTO DE ACCESO ADICIONAL DE MATERIA--TÉRMINO DE MATERIA | |
| Término de materia o nombre geográfico como elemento de entrada | Iglesia y Estado |
| Fuente del encabezamiento o término | embne |
| 9 (RLIN) | 13554 |
| 752 ## - ENTRADA AGREGADA--NOMBRE JERÁRQUICO DEL LUGAR | |
| País o entidad superior | Italia - |
| Jurisdicción política intermedia | Milán |
| 852 ## - LOCALIZACIÓN | |
| Ubicación | ES-MaACL |
| Número de control de estantería | F-12300-12301 |
| Nota libre | -- Enc. pasta española |
| Estatus retirado | Estado de pérdida | Estado de daño | No para préstamo | Colección | Biblioteca de origen | Biblioteca actual | Ubicación en estantería | Fecha de adquisición | Fuente de adquisición | Total de préstamos | Signatura topográfica completa | Código de barras | Visto por última vez | Precio de reemplazo | Tipo de ítem Koha |
|---|---|---|---|---|---|---|---|---|---|---|---|---|---|---|---|
| Libros del s. XIX | Biblioteca del Ateneo de Madrid | Biblioteca del Ateneo de Madrid | Sala Pecera Planta 2 | 17/01/2008 | F-12300-12301 | 1165963 | 23/02/2023 | 23/02/2023 | Libro impreso antiguo |
